[Event "Vientiane op"]
[Site "Vientiane"]
[Date "2018.12.18"]
[Round "1"]
[White "Faruq, Afifa Ayyun"]
[Black "Nur Abidah, Shanti"]
[Result "1/2-1/2"]
[WhiteElo "1793"]
[BlackElo "2152"]
[PlyCount "70"]
[EventDate "2018.12.18"]
[EventType "swiss"]
[EventRounds "9"]
[EventCountry "LAO"]
[SourceTitle "CBM 187 Extra"]
[Source "ChessBase"]
[SourceDate "2018.11.04"]
[SourceVersion "1"]
[SourceVersionDate "2018.11.04"]
[SourceQuality "1"]

1. e4 d5 2. exd5 Qxd5 3. Nc3 Qa5 4. d4 Nf6 5. Bc4 c6 6. Nf3 Bf5 7. Bd2 e6 8. Qe2 Bb4 9. 0-0-0 Nbd7 10. Ne5 Nxe5 11. dxe5 Nd5 12. Nxd5 Bxd2+ 13. Qxd2 Qxd2+ 14. Rxd2 cxd5 15. Bd3 Bg6 16. f4 Ke7 17. Rf1 Bxd3 18. Rxd3 g6 19. Rb3 b6 20. Rc3 Rac8 21. Rff3 h5 22. Kd2 Kd7 23. h4 a5 24. a4 Rhf8 25. Rxc8 Rxc8 26. Rc3 Rc5 27. Kd3 Kc6 28. Ra3 Rc4 29. g3 Kb7 30. b3 Rc7 31. Ra1 Ka6 32. Rg1 Rc8 33. Ra1 Rc7 34. c3 Kb7 35. Rg1 Rc8 1/2-1/2

[Event "Olympiad Women-42"]
[Site "Baku"]
[Date "2016.09.13"]
[Round "11.2"]
[White "Faruq, Afifa Ayyun"]
[Black "Dolzhikova, Olga"]
[Result "0-1"]
[WhiteElo "1667"]
[BlackElo "2167"]
[PlyCount "64"]
[EventDate "2016.09.02"]
[EventType "team-swiss"]
[EventRounds "11"]
[EventCountry "AZE"]
[SourceTitle "CBM 174 Extra"]
[Source "ChessBase"]
[SourceDate "2016.10.10"]
[SourceVersion "1"]
[SourceVersionDate "2016.10.10"]
[SourceQuality "1"]
[WhiteTeam "Indonesia (W)"]
[BlackTeam "Norway (W)"]
[WhiteTeamCountry "INA"]
[BlackTeamCountry "NOR"]

1. e4 d5 2. exd5 Qxd5 3. Nc3 Qa5 4. d4 Nf6 5. Bc4 Bf5 6. Nf3 e6 7. Bd2 c6 8. Qe2 Bb4 9. 0-0 Nbd7 10. a3 Bxc3 11. Bxc3 Qc7 12. Ne5 0-0 13. h3 Ne4 14. Bb4 Nxe5 15. Bxf8 Nxc4 16. Bb4 Nxb2 17. a4 a5 18. Be1 Nd6 19. Bc3 Nbc4 20. f4 b5 21. Ra2 Be4 22. Be1 Bd5 23. Ra1 Nf5 24. c3 bxa4 25. Bd2 Ng3 26. Qf2 Nxf1 27. Kxf1 a3 28. Bc1 Rb8 29. Qc2 h6 30. Kg1 Rb2 31. Bxb2 axb2 32. Re1 Qxf4 0-1